Komentár k zákonu o dani z pridanej hodnoty

Komentár k zákonu č. 222/2004 Z.z. o dani z pridanej hodnoty v znení zákona č. 350/2004 Z.z. a zákona č. 651/2004 Z.z. Príklady.

Enregistré dans:
Détails bibliographiques
Auteur principal: Jablonková, Zdenka
Format: Chapitre de livre
Langue:slovaque
Sujets:
Tags: Ajouter un tag
Pas de tags, Soyez le premier à ajouter un tag!

MARC

LEADER 00000naa$a2200000$$$4500
001 0024425
005 20231114082954.3
041 0 |a slo 
044 |a SK 
245 1 0 |a Komentár k zákonu o dani z pridanej hodnoty  |c Zdenka Jablonková 
520 |a Komentár k zákonu č. 222/2004 Z.z. o dani z pridanej hodnoty v znení zákona č. 350/2004 Z.z. a zákona č. 651/2004 Z.z. Príklady. 
610 2 0 |a dane z hodnoty pridanej 
610 2 0 |a zákony 
610 2 0 |a Slovensko 
610 2 0 |a komentáre 
610 2 0 |a 2004 
100 1 |a Jablonková, Zdenka